Name All Marvel Strike Force Characters(No Minions) - Statistics

General Stats
  • This quiz has been taken 253 times
    162 since last reset
  • The average score is 167 of 284
Answer Stats
Hint Answer % Correct
Hero Mighty Thor
92%
Hero Thor
92%
Hero Thor (Infinity War)
92%
Hero Iron Man
88%
Hero Iron Man (Infinity War)
88%
Villain Iron Man (Zombie)
88%
Hero Agent Venom
85%
Hero Black Widow
85%
Hero Captain America
85%
Villain Doctor Octopus
85%
Hero Hulk
85%
Hero Peter B. Parker
85%
Hero Spider-Man
85%
Hero Spider-Man 2099
85%
Hero Spider-Man (Big Time)
85%
Hero Spider-Man (Miles)
85%
Hero Spider-Man (Noir)
85%
Hero Spider-Man (Pavitr)
85%
Hero Spider-Man (Symbiote)
85%
Villain Venom
85%
Hero Captain America (Sam)
81%
Hero Captain America (WWII)
81%
Villain Carnage
81%
Hero Doctor Strange
81%
Villain Green Goblin
81%
Villain Green Goblin (Classic)
81%
Villain Loki
81%
Villain Loki (Teen)
81%
Hero Odin
81%
Villain Strange(Heartless)
81%
Villain Thanos
81%
Villain Thanos (Endgame)
81%
Hero Captain Marvel
77%
Villain Electro
77%
Hero Gamora
77%
Villain Ghost
77%
Hero Groot
77%
Hero Punisher
77%
Hero Scarlet Witch
77%
Villain Scarlet Witch(Zombie)
77%
Hero Star-Lord
77%
Hero Star-Lord (Annihilation)
77%
Hero Star-Lord (T'Challa)
77%
Hero Adam Warlock
73%
Hero Black Panther
73%
Hero Black Panther (1MM)
73%
Hero Black Panther (Shuri)
73%
Hero Cosmic Ghost Rider
73%
Hero Deadpool
73%
Villain Elektra
73%
Hero Ghost Rider
73%
Hero Ghost Rider (Robbie)
73%
Hero Hawkeye
73%
Villain Hela
73%
Hero Iron Fist
73%
Hero Iron Fist (WWII)
73%
Hero Luke Cage
73%
Villain Magneto
73%
Hero Mister Fantastic
73%
Villain Nebula
73%
Hero Nick Fury
73%
Hero Old Man Logan
73%
Hero Rocket Raccoon
73%
Hero She-Hulk
73%
Villain Vulture
73%
Hero Wolverine
73%
Hero Anti-Venom
69%
Hero Ant-Man
69%
Hero Cyclops
69%
Hero Drax
69%
Hero Falcon
69%
Hero Falcon(Joaquin)
69%
Hero Gambit
69%
Hero Hank Pym
69%
Hero Invisible Woman
69%
Hero Red Hulk
69%
Villain Rhino
69%
Villain Ultron
69%
Hero War Machine
69%
Hero Wasp
69%
Villain Winter Soldier
69%
Hero Yelena Belova
69%
Villain Abomination
65%
Hero Beast
65%
Hero Black Bolt
65%
Hero Daredevil
65%
Villain Dark Beast
65%
Villain Doctor Doom
65%
Hero Human Torch
65%
Hero Iceman
65%
Hero Kate Bishop
65%
Villain Lizard
65%
Hero M'Baku
65%
Hero Moon Knight
65%
Hero Ms. Marvel
65%
Hero Ms. Marvel (Hard Light)
65%
Hero Nightcrawler
65%
Hero Phoenix
65%
Hero Quicksilver
65%
Villain Red Skull
65%
Hero Silver Surfer
65%
Hero Spider-Woman
65%
Hero The Thing
65%
Hero Vision
65%
Hero Viv Vision
65%
Hero Wong
65%
Villain Apocalypse
62%
Hero Bishop
62%
Hero Captain Britain
62%
Hero Captain Carter
62%
Villain Cull Obsidian
62%
Villain Dormammu
62%
Villain Ebony Maw
62%
Hero Ghost-Spider
62%
Hero Howard The Duck
62%
Hero Jessica Jones
62%
Villain Mysterio
62%
Hero Peggy Carter
62%
Villain Proxima Midnight
62%
Hero Red Guardian
62%
Hero Rescue
62%
Hero Rogue
62%
Hero Ronin
62%
Villain Scream
62%
Villain Shocker
62%
Hero Vahl
62%
Hero Valkyrie
62%
Hero Agent Coulson
58%
Villain Baron Zemo
58%
Hero Black Knight
58%
Hero Blade
58%
Hero Cable
58%
Hero Colossus
58%
Hero Domino
58%
Villain Emma Frost
58%
Hero Emma Frost(X-Men)
58%
Hero Heimdall
58%
Hero Ironheart
58%
Villain Juggernaut
58%
Villain Juggernaut (Zombie)
58%
Villain Killmonger
58%
Villain Kingpin
58%
Villain Kraven the Hunter
58%
Hero Medusa
58%
Villain Mister Sinister
58%
Villain Mystique
58%
Villain Namor
58%
Hero Okoye
58%
Villain Omega Red
58%
Villain Omega Red (Phoenix Force)
58%
Hero Sif
58%
Hero Squirrel Girl
58%
Hero Sunspot
58%
Villain Taskmaster
58%
Hero The Ancient One
58%
Hero X-23
58%
Villain Yellow Jacket
58%
Villain Agatha Harkness
54%
Hero Bucky Barnes
54%
Hero Cloak
54%
Villain Corvus Glaive
54%
Hero Crystal
54%
Hero Dagger
54%
Hero Forge
54%
Hero Ikaris
54%
Hero Ironheart (MKII)
54%
Hero Jubilee
54%
Hero Kitty Pryde
54%
Villain Lady Deathstrike
54%
Hero Man-Thing
54%
Hero Mantis
54%
Villain Mephisto
54%
Villain Mister Negative
54%
Hero Mockingbird
54%
Hero Nova
54%
Hero Polaris
54%
Hero Psylocke
54%
Villain Pyro
54%
Hero Quake
54%
Villain Ronan The Accuser
54%
Villain Sabretooth
54%
Hero Sersi
54%
Hero Shuri
54%
Hero Storm
54%
Villain Yondu
54%
Villain Absorbing Man
50%
Villain Archangel
50%
Hero Cosmo
50%
Hero Deathpool
50%
Hero Firestar
50%
Villain Gorr
50%
Hero Gwenpool
50%
Villain Iron Patriot
50%
Hero Jean Grey
50%
Villain Kang the Conqueror
50%
Hero Korg
50%
Hero Photon
50%
Villain Sentinel
50%
Villain Spider-Slayer
50%
Hero Sunfire
50%
Villain The Leader
50%
Villain Toad
50%
Villain Ultimus
50%
Villain Black Cat
46%
Villain Blob
46%
Hero Brawn
46%
Villain Bullseye
46%
Hero Dazzler
46%
Hero Doctor Voodoo
46%
Hero Echo
46%
Villain Gladiator
46%
Hero Havok
46%
Hero Hercules
46%
Hero Hulkbuster
46%
Hero Karnak
46%
Hero Kestrel
46%
Hero Longshot
46%
Hero Magik
46%
Hero Maria Hill
46%
Villain Minn-Erva
46%
Hero Moondragon
46%
Hero Multiple Man
46%
Hero Nakia
46%
Hero Negasonic
46%
Hero Pandapool
46%
Hero Phyla-Vell
46%
Hero Shang-Chi
46%
Hero Sharon Carter
46%
Villain Silver Samurai
46%
Villain Swarm
46%
Hero Tigra
46%
Hero Union Jack
46%
Villain Ares
42%
Hero Beta Ray Bill
42%
Hero Colleen Wing
42%
Hero Fantomex
42%
Villain Graviton
42%
Hero Guardian
42%
Villain Knull
42%
Villain Moonstone
42%
Villain Morbius
42%
Villain Mordo
42%
Villain Nemesis
42%
Villain Nimrod
42%
Hero Northstar
42%
Hero Oath
42%
Hero Peni Parker
42%
Hero Scarlet Spider
42%
Villain Scientist Supreme
42%
Villain Shadow King
42%
Hero Shatterstar
42%
Hero Spider-Punk
42%
Hero Spider-Weaver
42%
Hero Starbrand
42%
Hero White Tiger
42%
Hero America Chavez
38%
Villain Crossbones
38%
Villain Daken
38%
Hero Elsa Bloodstone
38%
Hero Gwenom
38%
Hero Kahhori
38%
Hero Lilandra
38%
Hero Misty Knight
38%
Villain Morgan Le Fay
38%
Villain Nobu
38%
Villain Omega Sentinel
38%
Villain Red Goblin
38%
Hero Sasquatch
38%
Hero Stature
38%
Villain Stryfe
38%
Villain Super Skrull
38%
Hero Yo-Yo
38%
Hero Darkhawk
35%
Villain Korath The Pursuer
35%
Villain Madelyne Pryor
35%
Hero Nico Minoru
35%
Hero Night Nurse
35%
Hero Patriot
35%
Villain Sylvie
35%
Villain Titania
35%
Villain U.S. Agent
35%
Hero Void Knight
35%
Hero Deathlok
31%
Hero Ms. Marvel (Classic)
31%
No matching quizzes found
Score Distribution
Percent of People with Each Score
Percentile by Number Answered
Your Score History
You have not taken this quiz since the last reset